| 000 | 00866nam a2200229 a 4500 | ||
|---|---|---|---|
| 008 | 120416s2005 ||||||||||||||||| || u | ||
| 020 | _a0632052074 | ||
| 050 | _aQE 571 All. | ||
| 100 | _aAllen, Philip A | ||
| 245 | 1 | 0 | _aBasin analysis : principles and applications |
| 250 | _a2nd ed. | ||
| 260 |
_aOxford _bBlackwell _c2005 |
||
| 300 | _aix, 549p. : ill. | ||
| 350 | _a0.00 | ||
| 500 | _aIncludes bibliographical references (p. [495]-531) and index. | ||
| 650 | _aSEDIMENTARY BASINS | ||
| 650 | _aGEOLOGY--STUDY AND TEACHING | ||
| 650 | _aPETROLEUM--GEOLOGY | ||
| 700 | _aAllen, John R. (John Richard), 1953- | ||
| 856 | _uhttp://www.loc.gov/catdir/toc/ecip0416/2004005965.html | ||
| 995 |
_D0.00 _FCBU-MAIN LIBRARY (Kitwe) _H1 _I37.95 _M1 _UAVAILABLE _WMar 21, 2007 _ZMain Library Open Access Collection |
||
| 999 |
_c35647 _d35647 |
||